000 00605nam a2200205Ia 4500
005 20230609122123.0
008 131103s9999 xx 000 0 und d
040 _aLoreto College
041 _aEnglish
082 _a808.2
_bCOR
245 _aComedy
_b meaning and form
_cedited with an introduction by Robert W. Corrigan
260 _aScranton
_bChandler Publishing Co.
_c1965
300 _ax,481 p.
504 _aIncludes bibliographical references
650 _aLiterature -
651 _aRhetoric -Drama - Comedy -
700 _aCorrigan, Robert W., ed.
850 _aLCLIB
942 _cBK
999 _c1110
_d51589